Catálogo
 En Linea

La participación dominicana en Juegos Centro Americanos, Panamericanos y Olimpicos / (Registro nro. 32832)

Detalles MARC
000 -CABECERA
campo de control de longitud fija 00529nam a2200145 a 4500
001 - NÚMERO DE CONTROL
campo de control 000033341
005 - FECHA Y HORA DE LA ÚLTIMA TRANSACCIÓN
campo de control 20200930070205.0
008 - DATOS DE LONGITUD FIJA--INFORMACIÓN GENERAL
campo de control de longitud fija 110824s19-- 000 0 spa d
040 ## - FUENTE DE LA CATALOGACIÓN
Centro catalogador/agencia de origen DO-SdBNP
Lengua de catalogación spa
Centro/agencia transcriptor BNPHU
100 1# - ENTRADA PRINCIPAL--NOMBRE DE PERSONA
Nombre de persona Cruz, Hector J.
9 (RLIN) 45957
245 13 - MENCIÓN DE TÍTULO
Título La participación dominicana en Juegos Centro Americanos, Panamericanos y Olimpicos /
Mención de responsabilidad, etc. Cruz Hector J. ; prólogo Rogelio Lamarche Soto.
260 ## - PUBLICACIÓN, DISTRIBUCIÓN, ETC.
Lugar de publicación, distribución, etc. [Santo Domingo] :
Nombre del editor, distribuidor, etc. [s. n.],
Fecha de publicación, distribución, etc. [19--].
300 ## - DESCRIPCIÓN FÍSICA
Extensión [283 p.] ;
Dimensiones 21 cm.
700 1# - PUNTO DE ACCESO ADICIONAL--NOMBRE DE PERSONA
Nombre de persona Lamarche Soto, Rogelio
Término indicativo de función/relación pról.
9 (RLIN) 38540
Existencias
Estado de retiro Estado de pérdida Restricciones de uso No para préstamo Código de colección Localización permanente Ubicación/localización actual Ubicación en estantería Fecha de adquisición Número de inventario Total de préstamos Signatura topográfica completa Código de barras Fecha visto por última vez Precio válido a partir de Tipo de ítem Koha
      Excluido de préstamo Monografías: Libros y Folletos Patrimonio Dominicano Patrimonio Dominicano En catalogación 24.08.2011 LF1   33341-10 25.06.2020 25.06.2020 No se presta

Con tecnología Koha